Hurtig matematikquiz - X 9 - Quiz 24 - Statistics

General Stats
  • This quiz has been taken 6 times
  • The average score is 10 of 15
Answer Stats
Hint Answer % Correct
25 225
100%
7 63
100%
26 234
75%
34 306
75%
37 333
75%
49 441
75%
54 486
75%
67 603
75%
11 99
75%
17 153
50%
39 351
50%
41 369
50%
63 567
25%
73 657
25%
69 621
25%
No matching quizzes found
Score Distribution
Percent of People with Each Score
Percentile by Number Answered
Your Score History
You have not taken this quiz